Wicked Songs - Statistics

General Stats
  • This quiz has been taken 2,244 times
  • The average score is 12 of 16
Answer Stats
Hint Answer % Correct
And nobody in all of Oz / No Wizard that there is or was / Is ever gonna bring me down! Defying Gravity
96%
I'll teach you the proper poise / When you talk to boys / Little ways to flirt and flounce Popular
95%
Who can say if I've changed for the better? / But because I knew you / I have been changed... For Good
86%
When people see me, they will scream / For half of Oz's favorite team The Wizard and I
86%
Nothing matters / But knowing nothing matters / It's just life Dancing Through Life
85%
Don't dream too far / Don't lose sight of who you are / Don't remember that rush of joy / He could be that boy I'm Not That Girl
85%
One more disaster I can add to my / Generous supply / __ ____ ____ goes unpunished No Good Deed
82%
And I will be loathing / Loathing you / My whole life long What Is This Feeling?
81%
Good news! She's dead! / The Wicked Witch of the West is dead! No One Mourns the Wicked
77%
There's something exquisite / You'll want to visit One Short Day
77%
O hallowed halls and vine-draped walls / The proudliest sight there is Dear Old Shiz
71%
It couldn't happen here / In Oz Something Bad
63%
And If it turns out / It's over too fast / I'll make every last moment last As Long As You're Mine
60%
We couldn't be happier / Because happy is what happens / When all your dreams come true Thank Goodness
55%
It's all about which label / Is able to persist Wonderful
55%
That's why I do the best I can / To treat each citizen of Oz as a son- / Or Daughter A Sentimental Man
49%
No matching quizzes found
Score Distribution
Percent of People with Each Score
Percentile by Number Answered
Your Score History
You have not taken this quiz